000 03287pam a2200385 i 4500
999 _c9795
_d9795
001 43684564
003 OCoLC
005 20241126110719.0
008 000309s2000 miua b 001 0 eng
010 _a00029003
020 _a0310232295
_q(hardcover ;
_qalk. paper)
020 _a9780310232292
_q(hardcover ;
_qalk. paper)
020 _z9780310321576
_qebook
035 _a(OCoLC)43684564
_z(OCoLC)1247079378
040 _aDLC
_beng
_erda
_cDLC
_dYDX
050 0 0 _aPA851
_b.W338 2000
082 0 0 _a487.4
_221
_bWAL
100 1 _aWallace, Daniel B.
_0https://id.loc.gov/authorities/names/n95062614
_98685
245 1 4 _aThe basics of New Testament syntax :
_ban intermediate Greek grammar /
_cDaniel B. Wallace.
264 1 _aGrand Rapids, Mich. :
_bZondervan Pub. House,
_c[2000]
264 4 _c℗♭2000
300 _a334 pages :
_billustrations ;
_c24 cm
336 _atext
_btxt
_2rdacontent
337 _aunmediated
_bn
_2rdamedia
338 _avolume
_bnc
_2rdacarrier
500 _a"Abridgement of Greek grammar beyond the basics."
504 _aIncludes bibliographical references and index.
505 0 _aPart I: Syntax of nouns and nominals -- A. The cases -- The cases: An introduction -- Nominative case -- Vocative case -- Genitive case -- Dative case -- Accusative case -- B. The article -- Part I: Origin, function, regular uses, absence -- Part II: Special uses and non-uses of the article -- C. Adjectives -- D. Pronouns -- E. Prepositions -- Part II: Syntax of verbs and verbals -- A. Person and number -- B. Voice -- Active -- Middle -- Passive -- C. Mood -- Indicative -- Subjective -- Optative -- Imperative -- D. Tense -- The tenses: An introduction -- Present -- Imperfect -- Aorist -- Future -- Perfect and pluperfect -- E. The infinitive -- F. The participle -- Syntax of the clause -- Introduction to Greek clauses -- The role of conjunctions -- Special studies in the clauses.
520 8 _aThe Basics of New Testament Syntax provides concise, up-to-date guidance for intermediate Greek students to do accurate exegesis of biblical texts. Abridged from Greek Grammar Beyond the Basics: An Exegetical Syntax of the New Testament, the popular exegetical Greek grammar for studies in Greek by Daniel B. Wallace, The Basics of New Testament Syntax offers a practical grammar for second-year students. The strengths of this abridgment will become quickly apparent to the user: 1) it shows the relevance of syntax for exegesis and is thoroughly cross-referenced to Exegetical Syntax; 2) it includes an exceptional number of categories useful for intermediate Greek studies; 3) it is easy to use, and each semantic category is discussed, and a definition and key to identification are provided; 4) scores of charts and tables are included to enable the intermediate student to grasp the material quickly -- From publisher description.
630 0 0 _aBible.
_pNew Testament
_xLanguage, style.
_0https://id.loc.gov/authorities/subjects/sh85013754
_91151
650 0 _aGreek language, Biblical
_xSyntax.
_0https://id.loc.gov/authorities/subjects/sh2009126071
_98686
650 0 _aGreek language, Biblical
_xGrammar.
_0https://id.loc.gov/authorities/subjects/sh2008105406
_92933
700 1 _aWallace, Daniel B.
_tGreek grammar beyond the basics.
_917077
942 _2ddc
_cLAN